Movies Quiz

Random Movies Quiz

Film by Scene 2 Quiz Stats

 Plays Quiz not verified by Sporcle

Score 0/19 Timer 05:00
0 Plays Today
% Correct
Silence of the Lambs
91.7%
Halloween
76.2%
Cujo
66.7%
Predator
51.2%
Day of the Dead
45.2%
An American Werewolf in London
35.7%
The Thing
33.3%
The Evil Dead
31%
Saving Private Ryan
26.2%
Cannibal Holocaust
23.8%
% Correct
Maniac
10.7%
Horror of Dracula
10.7%
Fright Night
10.7%
Final Destination 2
9.5%
City of the Living Dead
7.1%
The Curse of Frankenstein
7.1%
The Fly II
3.6%
My Bloody Valentine
3.6%
Nightmare
1.2%

You're not logged in!

Compare scores with friends on all Sporcle quizzes.
OR
Log In

Sporcle TV

Today on Sporcle TV


Watch our educational content, quiz creation guides, and fun videos on Sporcle TV.

Show Comments

Extras

Created Jan 17, 2015ReportNominate
Tags:blood, gore, horror, scifi

Top Quizzes Today


Score Distribution

Your Account Isn't Verified!

In order to create a playlist on Sporcle, you need to verify the email address you used during registration. Go to your Sporcle Settings to finish the process.

Report this User

Report this user for behavior that violates our Community Guidelines.

Details: